Southville International School and Colleges
Your cart is empty.
  • Cart
  • Lists
    Public lists Eva Luna New books Lux_list list_1
    Your lists Log in to create your own lists
  • Log in to your account
  • Your cookies
  • Search history
Southville International School and Colleges
  • Advanced search
  • Recent comments
  • Most popular
  • Libraries

Log in to your account

Log in with GOOGLE


If you do not have an external account, but do have a local account, you can still log in:

  1. Home
  2. MARC view: Malaysia /
Normal view MARC view ISBD view

Malaysia / (Record no. 480)

[ view plain ]
MARC details
000 -LEADER
fixed length control field 00863nam a2200277 a 4500
001 - CONTROL NUMBER
control field 1085489
003 - CONTROL NUMBER IDENTIFIER
control field OSt
005 - DATE AND TIME OF LATEST TRANSACTION
control field 20140310181630.0
008 - FIXED-LENGTH DATA ELEMENTS--GENERAL INFORMATION
fixed length control field 901015s1989 enk 000 0 eng d
020 ## - INTERNATIONAL STANDARD BOOK NUMBER
International Standard Book Number 1870031881
040 ## - CATALOGING SOURCE
Original cataloging agency WU
Language of cataloging eng
Transcribing agency WU
043 ## - GEOGRAPHIC AREA CODE
Geographic area code a-my---
050 ## - LIBRARY OF CONGRESS CALL NUMBER
Classification number DS 592
Item number .C913 [ca.1990]
082 ## - DEWEY DECIMAL CLASSIFICATION NUMBER
Classification number HS 959.5
Item number Cr86 19
100 1# - MAIN ENTRY--PERSONAL NAME
Personal name Creffield, David.
9 (RLIN) 15345
245 10 - TITLE STATEMENT
Title Malaysia /
Statement of responsibility, etc David Creffield
260 ## - PUBLICATION, DISTRIBUTION, ETC. (IMPRINT)
Place of publication, distribution, etc London :
Name of publisher, distributor, etc Euromoney Publications and New Straits Times Press (Malaysia) Berhad,
Date of publication, distribution, etc [ca.1990]
300 ## - PHYSICAL DESCRIPTION
Extent 195 p. :
Other physical details col. ill. ;
Dimensions 30 cm.
650 #0 - SUBJECT ADDED ENTRY--TOPICAL TERM
Topical term or geographic name as entry element Investments, Foreign
Geographic subdivision Malaysia.
9 (RLIN) 15346
650 #0 - SUBJECT ADDED ENTRY--TOPICAL TERM
Topical term or geographic name as entry element Business enterprises
Geographic subdivision Malaysia.
9 (RLIN) 15347
651 #0 - SUBJECT ADDED ENTRY--GEOGRAPHIC NAME
Geographic name Malaysia
General subdivision Economic conditions.
9 (RLIN) 15348
710 2# - ADDED ENTRY--CORPORATE NAME
Corporate name or jurisdiction name as entry element Euromoney Publications Ltd.
9 (RLIN) 15349
942 ## - ADDED ENTRY ELEMENTS (KOHA)
Source of classification or shelving scheme Library of Congress Classification
Koha item type
Holdings
Withdrawn status Lost status Source of classification or shelving scheme Damaged status Home library Current library Shelving location Date acquired Total Checkouts Full call number Barcode Date last seen Date checked out Copy number Price effective from Koha item type
    Library of Congress Classification   Luxembourg Library Luxembourg Library High School Section 08/29/2013 1 DS 592 .C913 [ca.1990] 2334 12/15/2015 09/22/2015 1 10/03/2013 Books

Malaysia /

APA

Creffield D., Euromoney Publications Ltd, . (1990). Malaysia. London: Euromoney Publications and New Straits Times Press (Malaysia) Berhad.

Chicago

Creffield David, Euromoney Publications Ltd, . 1990. Malaysia. London: Euromoney Publications and New Straits Times Press (Malaysia) Berhad.

Harvard

Creffield D., Euromoney Publications Ltd, . (1990). Malaysia. London: Euromoney Publications and New Straits Times Press (Malaysia) Berhad.

MLA

Creffield David, Euromoney Publications Ltd, . Malaysia. London: Euromoney Publications and New Straits Times Press (Malaysia) Berhad. 1990.

  • Place hold
  • Print
  • Cite
  • Add to your cart (remove)
  • Save record
    BIBTEX Dublin Core MARCXML MARC (non-Unicode/MARC-8) MARC (Unicode/UTF-8) MARC (Unicode/UTF-8, Standard) MODS (XML) RIS
  • More searches
    Search for this title in:
    Other Libraries (WorldCat) Other Databases (Google Scholar) Online Stores (Bookfinder.com) Open Library (openlibrary.org)

Exporting to Dublin Core...

SOUTHVILLE LIBRARY

Southville International School and Colleges Library

1281 Tropical Ave. Cor. Luxembourg St., BF Homes International, Las Pinas City

Tel. No. 8256374 / 252358 Loc. 117/146

Powered by Koha